000 00956nam a22002897a 4500
003 CHAP
005 20220329134443.0
008 971013s1980 r 00010 d
010 _a20690
011 _a21662
035 _a25752
040 _cCHAP
090 _aFolleto 11697
100 0 0 _aArman, O. M.
_97160
245 _aSome useful references on computarized geographical information systems
260 _aCamberra :
_bCommonwealth Scientific and Industrial Research Organization. Division of land Use Research,
_c1980
300 _a6 p
590 _aBATCH-UPD
_b10
_c20130110
_lUCH01
_h2010
590 _aBATCH-UPD
_b10
_c20130410
_lUCH01
_h1329
590 _aBATCH-UPD
_b10
_c20130914
_lUCH01
_h0612
590 _aCONVERSION
_b10
_c20130109
_lUCH01
_h1312
650 1 4 _aProcesamiento automático de datos en geografía.
_991783
700 0 _aWalker, P. A.
_9120887
901 _aBK
942 _cFOLL
949 _bBC
_cFOLL
_d-59415
_eTS1
_i25752
_mD
_si
999 _c20690
_d20690